| 000 | 00701nam a22001577a 4500 | ||
|---|---|---|---|
| 003 | OSt | ||
| 005 | 20151007171057.0 | ||
| 008 | 151007b xxu||||| |||| 00| 0 eng d | ||
| 040 | _cRUA | ||
| 082 | _aAVM MAK 2002 B030 Or.1 | ||
| 100 |
_92327 _aMAK SAM OEUN |
||
| 245 | _aThe impact and solution to the common diseases in pig in farmer community, svay rieng province, ផលប៉ះពាល់ និងដំណោះស្រាយចំពោះជំងឺសំខាន់ៗ នៃសត្វជ្រូកក្នុងសហគមន៍កសិករ ខេត្តស្វាយរៀង) | ||
| 260 |
_aphnom penh _brua _c2002 |
||
| 300 |
_avii, 52p. _bill. _c29cm. |
||
| 942 |
_2ddc _cAVM |
||
| 999 |
_c2193 _d2193 |
||